[Event "AUT-chT2M 1819"]
[Site "Austria"]
[Date "2018.11.25"]
[Round "5.6"]
[White "Domarkaite, Laima"]
[Black "Danner, Georg"]
[Result "0-1"]
[WhiteElo "2129"]
[BlackElo "2342"]
[PlyCount "54"]
[EventDate "2018.10.19"]
[EventType "team-tourn"]
[EventRounds "11"]
[EventCountry "AUT"]
[SourceTitle "CBM 187 Extra"]
[Source "ChessBase"]
[SourceDate "2018.11.04"]
[SourceVersion "1"]
[SourceVersionDate "2018.11.04"]
[SourceQuality "1"]
[WhiteTeam "Graz Schachfreunde"]
[BlackTeam "Pinggau Friedberg"]
[WhiteTeamCountry "AUT"]
[BlackTeamCountry "AUT"]

1. e4 c5 2. c3 Nf6 3. e5 Nd5 4. d4 cxd4 5. Nf3 d6 6. cxd4 dxe5 7. Nxe5 Nc6 8. Bc4 e6 9. 0-0 Be7 10. Nxc6 bxc6 11. Nc3 0-0 12. Ne2 Qb6 13. a3 Ba6 14. Qc2 Bxc4 15. Qxc4 Qb5 16. Qxb5 cxb5 17. Be3 Rac8 18. Rac1 f5 19. g3 Kf7 20. Rxc8 Rxc8 21. Rc1 Rxc1+ 22. Nxc1 Bf6 23. Kf1 Ke7 24. Ke2 Kd6 25. Kd3 g5 26. Ne2 a6 27. Bd2 Kc6 0-1

[Event "AUT-chT2M 1819"]
[Site "Austria"]
[Date "2018.10.19"]
[Round "1.4"]
[White "Domarkaite, Laima"]
[Black "Manhardt, Thomas"]
[Result "0-1"]
[WhiteElo "2129"]
[BlackElo "2180"]
[PlyCount "64"]
[EventDate "2018.10.19"]
[EventType "team-tourn"]
[EventRounds "11"]
[EventCountry "AUT"]
[SourceTitle "CBM 186 Extra"]
[Source "ChessBase"]
[SourceDate "2018.08.24"]
[SourceVersion "1"]
[SourceVersionDate "2018.08.24"]
[SourceQuality "1"]
[WhiteTeam "Graz Schachfreunde"]
[BlackTeam "Gleisdorf"]
[WhiteTeamCountry "AUT"]
[BlackTeamCountry "AUT"]

1. e4 c5 2. c3 d5 3. exd5 Qxd5 4. d4 cxd4 5. cxd4 Nc6 6. Nf3 e5 7. Nc3 Bb4 8. Bd2 Bxc3 9. Bxc3 e4 10. Ne5 Nxe5 11. dxe5 Ne7 12. Qc2 0-0 13. Be2 Bf5 14. Rd1 Qxa2 15. g4 Be6 16. 0-0 Bb3 17. Qxe4 Bxd1 18. Rxd1 Rad8 19. Bd3 g6 20. Bb4 Rfe8 21. Bd6 Nc8 22. Qb4 a5 23. Qxb7 Nxd6 24. exd6 Rxd6 25. Kg2 Qd5+ 26. Qxd5 Rxd5 27. Bc2 Rxd1 28. Bxd1 Rd8 29. Ba4 Rd4 30. b3 Rxg4+ 31. Kf3 Rb4 32. Kg3 Kg7 0-1

[Event "AUT-chT2M 1718"]
[Site "Austria"]
[Date "2018.02.11"]
[Round "9.5"]
[White "Breneis, Lukas"]
[Black "Domarkaite, Laima"]
[Result "1/2-1/2"]
[WhiteElo "2208"]
[BlackElo "2121"]
[PlyCount "48"]
[EventDate "2017.10.27"]
[EventType "team-tourn"]
[EventRounds "11"]
[EventCountry "AUT"]
[SourceTitle "EXT 2019"]
[Source "ChessBase"]
[SourceDate "2018.10.10"]
[SourceVersion "1"]
[SourceVersionDate "2018.10.10"]
[SourceQuality "1"]
[WhiteTeam "St Valentin"]
[BlackTeam "Graz Schachfreunde"]
[WhiteTeamCountry "AUT"]
[BlackTeamCountry "AUT"]

1. e4 c5 2. Nf3 d6 3. Bb5+ Nd7 4. 0-0 Ngf6 5. Re1 a6 6. Bxd7+ Qxd7 7. d4 cxd4 8. Qxd4 e6 9. Bg5 Be7 10. c4 0-0 11. a4 Qc7 12. Nc3 b6 13. Rad1 Rd8 14. b3 Bb7 15. Qd3 Rac8 16. Nd4 h6 17. Bh4 Qc5 18. h3 Rc7 19. Qe3 Rcd7 20. Bg3 Bf8 21. Bh4 Be7 22. Bg3 Bf8 23. Bh4 Be7 24. Bg3 Bf8 1/2-1/2

[Event "AUT-chT2M 1718"]
[Site "Austria"]
[Date "2018.02.09"]
[Round "7.5"]
[White "Tomazini, Aljosa"]
[Black "Domarkaite, Laima"]
[Result "1-0"]
[WhiteElo "2356"]
[BlackElo "2121"]
[PlyCount "41"]
[EventDate "2017.10.27"]
[EventType "team-tourn"]
[EventRounds "11"]
[EventCountry "AUT"]
[SourceTitle "EXT 2019"]
[Source "ChessBase"]
[SourceDate "2018.10.10"]
[SourceVersion "1"]
[SourceVersionDate "2018.10.10"]
[SourceQuality "1"]
[WhiteTeam "Maria Saal II"]
[BlackTeam "Graz Schachfreunde"]
[WhiteTeamCountry "AUT"]
[BlackTeamCountry "AUT"]

1. d4 d5 2. c4 e6 3. Nc3 Nf6 4. Nf3 Nbd7 5. Bf4 dxc4 6. e4 Bb4 7. Bxc4 Nxe4 8. 0-0 Bd6 9. Ne5 Nxc3 10. bxc3 Qf6 11. Qf3 0-0 12. Qg3 Re8 13. Rae1 h6 14. Re4 Nf8 15. Bd3 Kh8 16. Qh3 Nh7 17. Bd2 Bxe5 18. dxe5 Qe7 19. Rh4 f5 20. exf6 Nxf6 21. Bg5 1-0

[Event "Steyr Landesliga 1718"]
[Site "Austria"]
[Date "2017.11.18"]
[Round "5.2"]
[White "Domarkaite, Laima"]
[Black "Takacs, Balazs"]
[Result "1/2-1/2"]
[WhiteElo "2110"]
[BlackElo "2357"]
[PlyCount "81"]
[EventDate "2017.09.30"]
[EventType "team-tourn"]
[EventRounds "11"]
[EventCountry "AUT"]
[SourceTitle "EXT 2019"]
[Source "ChessBase"]
[SourceDate "2018.10.10"]
[SourceVersion "1"]
[SourceVersionDate "2018.10.10"]
[SourceQuality "1"]
[WhiteTeam "Graz Schachfreunde II"]
[BlackTeam "Soechau"]
[WhiteTeamCountry "AUT"]
[BlackTeamCountry "AUT"]

1. e4 c5 2. c3 Nf6 3. e5 Nd5 4. Nf3 Nc6 5. Bc4 Nb6 6. Bb3 c4 7. Bc2 d6 8. exd6 e5 9. d4 cxd3 10. Qxd3 Qxd6 11. 0-0 Qxd3 12. Bxd3 f6 13. a4 Be6 14. Re1 Kf7 15. Nbd2 Nd5 16. a5 a6 17. g3 g6 18. Nc4 Rd8 19. Bf1 Be7 20. Bd2 g5 21. h3 h5 22. b4 g4 23. Nh4 Nc7 24. Rad1 Nb5 25. Rc1 f5 26. Be3 Bf6 27. Bb6 Rdg8 28. Kh2 f4 29. Nd2 Nd6 30. Bc7 Ne8 31. Bb6 Nd6 32. Bc7 Ne8 33. Bb6 gxh3 34. Ndf3 Bg7 35. Bxh3 Bxh3 36. Kxh3 fxg3 37. fxg3 Ke6 38. Be3 Nd6 39. Nd4+ Nxd4 40. cxd4 e4 41. Rc5 1/2-1/2

[Event "LTU-chT (Women)"]
[Site "Vilnius"]
[Date "2017.03.18"]
[Round "6.3"]
[White "Saumanaite, Skaiste"]
[Black "Domarkaite, Laima"]
[Result "0-1"]
[WhiteElo "2043"]
[BlackElo "2139"]
[PlyCount "194"]
[EventDate "2017.01.28"]
[EventType "team-tourn"]
[EventRounds "7"]
[EventCountry "LTU"]
[SourceTitle "EXT 2018"]
[Source "ChessBase"]
[SourceDate "2017.10.13"]
[SourceVersion "1"]
[SourceVersionDate "2017.10.13"]
[SourceQuality "1"]
[WhiteTeam "Vilnius MRU (W)"]
[BlackTeam "VSK (W)"]
[WhiteTeamCountry "LTU"]
[BlackTeamCountry "LTU"]

1. Nf3 d5 2. d4 Nf6 3. g3 e6 4. Bg2 Be7 5. 0-0 0-0 6. c4 c6 7. Qc2 b6 8. Ne5 Nfd7 9. Rd1 Bb7 10. Nc3 Qc8 11. Nxd7 Nxd7 12. cxd5 cxd5 13. Bf4 Nf6 14. Rac1 Qd7 15. Qb1 Rfc8 16. f3 Nh5 17. Be3 f5 18. Bf2 Nf6 19. h3 b5 20. Rd2 b4 21. Nd1 Rxc1 22. Qxc1 Rc8 23. Rc2 Bd6 24. b3 Rxc2 25. Qxc2 Bc6 26. Nb2 Bb5 27. Bf1 Qb7 28. e3 Bxf1 29. Kxf1 Kf7 30. Nd3 Nd7 31. h4 a5 32. Be1 Ke7 33. Kg2 Qc7 34. Qxc7 Bxc7 35. Kf2 g6 36. Ke2 Kd6 37. Kd2 Kc6 38. Kc2 Bd6 39. f4 Kb5 40. Kb2 Nf6 41. Nc1 Ng4 42. Bd2 Nf2 43. Be1 Nd1+ 44. Kc2 Nxe3+ 45. Kd3 Ng4 46. Ne2 Nf6 47. Ke3 Ne4 48. Kf3 Bc7 49. Ke3 Kc6 50. Kf3 Bd8 51. Ke3 Kb5 52. Kd3 a4 53. Nc1 Bb6 54. Ne2 Nf6 55. Nc1 Nd7 56. Ne2 Nb8 57. Nc1 Nc6 58. Ne2 Bd8 59. Bf2 Be7 60. Be3 Na5 61. Nc1 Nb7 62. Bd2 Bf6 63. Ke3 Nd6 64. Be1 Ne4 65. Nd3 Be7 66. Nc1 Bd6 67. Kf3 Bc7 68. Ke3 Bb6 69. Kd3 Nd6 70. Ne2 Nb7 71. Nc1 Na5 72. Bf2 Nc6 73. Be3 Ne7 74. Bf2 Ng8 75. Ne2 Nf6 76. Be1 Ba5 77. Nc1 Ne4 78. Ne2 Bd8 79. Nc1 Be7 80. Ke3 h6 81. Ne2 Bf6 82. Nc1 g5 83. hxg5 hxg5 84. Nd3 gxf4+ 85. gxf4 Be7 86. Nc1 Nf6 87. Ne2 Bd6 88. Kf3 Ne4 89. Ke3 Bc7 90. Nc1 Nc3 91. Bd2 Bd6 92. Kf3 Ka5 93. Ke3 Nxa2 94. bxa4 Nxc1 95. Bxc1 Kxa4 96. Kd3 Kb3 97. Be3 Ka2 0-1

[Event "LTU-ch (Women)"]
[Site "Vilnius"]
[Date "2017.02.26"]
[Round "2"]
[White "Semonaviciute, Migle"]
[Black "Domarkaite, Laima"]
[Result "0-1"]
[WhiteElo "1808"]
[BlackElo "2123"]
[PlyCount "74"]
[EventDate "2017.02.25"]
[EventType "swiss"]
[EventRounds "7"]
[EventCountry "LTU"]
[SourceTitle "CBM 177 Extra"]
[Source "ChessBase"]
[SourceDate "2017.04.27"]
[SourceVersion "1"]
[SourceVersionDate "2017.04.27"]
[SourceQuality "1"]

1. e4 c5 2. Nc3 Nc6 3. f4 g6 4. Nf3 Bg7 5. Bc4 e6 6. 0-0 Nge7 7. f5 0-0 8. fxe6 dxe6 9. d3 Na5 10. Bb3 Nxb3 11. axb3 Nc6 12. Bg5 f6 13. Be3 b6 14. Nd2 Bb7 15. Nc4 Nd4 16. Rf2 Bc6 17. Qg4 Qd7 18. Qg3 e5 19. h4 Rf7 20. Raf1 Raf8 21. h5 gxh5 22. Bxd4 cxd4 23. Rf5 b5 24. Nxb5 Bxb5 25. Kf2 Bxc4 26. dxc4 d3 27. cxd3 Rd8 28. Ke2 h4 29. Qe3 Qd4 30. Qd2 Rd6 31. b4 Rfd7 32. R5f3 Qxe4+ 33. dxe4 Rxd2+ 34. Ke1 Rxb2 35. b5 Bf8 36. R1f2 Bb4+ 37. Kf1 Rd1# 0-1

[Event "LTU-chT (Women)"]
[Site "Vilnius"]
[Date "2017.02.18"]
[Round "4.2"]
[White "Domarkaite, Laima"]
[Black "Sibajeva, Marija"]
[Result "0-1"]
[WhiteElo "2139"]
[BlackElo "1911"]
[PlyCount "90"]
[EventDate "2017.01.28"]
[EventType "team-tourn"]
[EventRounds "7"]
[EventCountry "LTU"]
[SourceTitle "EXT 2018"]
[Source "ChessBase"]
[SourceDate "2017.10.13"]
[SourceVersion "1"]
[SourceVersionDate "2017.10.13"]
[SourceQuality "1"]
[WhiteTeam "VSK (W)"]
[BlackTeam "Kaunas Margiris (W)"]
[WhiteTeamCountry "LTU"]
[BlackTeamCountry "LTU"]

1. e4 d5 2. exd5 Qxd5 3. Nc3 Qa5 4. Bc4 Nf6 5. d3 c6 6. Qe2 e6 7. Nf3 Bb4 8. Bd2 Qc7 9. a3 Be7 10. 0-0 0-0 11. Rfe1 a6 12. d4 Re8 13. b4 b6 14. Ne5 Bd6 15. h3 c5 16. dxc5 bxc5 17. b5 Bxe5 18. Qxe5 Qxe5 19. Rxe5 Nbd7 20. Ree1 Nb6 21. Bf1 Bb7 22. a4 Nbd5 23. Nd1 axb5 24. Bxb5 Red8 25. c4 Nc7 26. Be3 Na6 27. Nb2 Nb4 28. Rec1 Ne4 29. Ra3 f5 30. f3 Ng3 31. Kf2 Nh5 32. Ke1 Rac8 33. a5 Ba6 34. Rb3 Rd6 35. Bxc5 Rxc5 36. Rxb4 Nf4 37. Rd1 Re5+ 38. Kf1 Rxd1+ 39. Nxd1 Nd3 40. g3 Nxb4 41. Nc3 Re3 42. Na4 Rxf3+ 43. Ke2 Ra3 44. Nc5 Bxb5 45. cxb5 Rxa5 0-1

[Event "AUT-chT2M 1516"]
[Site "Austria"]
[Date "2016.04.15"]
[Round "9.6"]
[White "Domarkaite, Laima"]
[Black "Cebalo, Miso"]
[Result "0-1"]
[WhiteElo "2122"]
[BlackElo "2409"]
[PlyCount "100"]
[EventDate "2015.10.02"]
[EventType "team-tourn"]
[EventRounds "11"]
[EventCountry "AUT"]
[SourceTitle "EXT 2017"]
[Source "ChessBase"]
[SourceDate "2016.10.25"]
[SourceVersion "1"]
[SourceVersionDate "2016.10.25"]
[SourceQuality "1"]
[WhiteTeam "Graz Schachfreunde"]
[BlackTeam "Wolfsberg"]
[WhiteTeamCountry "AUT"]
[BlackTeamCountry "AUT"]

1. e4 c5 2. c3 d5 3. exd5 Qxd5 4. d4 g6 5. Nf3 Bg7 6. Na3 Nf6 7. Nb5 Na6 8. Be2 cxd4 9. cxd4 0-0 10. 0-0 Be6 11. h3 Qd8 12. Bg5 Nc7 13. Nc3 Ncd5 14. Bd3 Nxc3 15. bxc3 Rc8 16. Qd2 Qa5 17. Rfc1 Rfd8 18. Qe1 Nd5 19. Bd2 Qc7 20. Rab1 Nb6 21. Qe2 Bc4 22. g3 Bxd3 23. Qxd3 e5 24. Qb5 Nc4 25. Qb3 Qc6 26. Qd1 exd4 27. cxd4 Bxd4 28. Qe2 Bf6 29. Be3 Re8 30. Rb3 b5 31. Nd2 Qe6 32. Rxb5 Nxe3 33. Rxc8 Qxc8 34. fxe3 Qxh3 35. Qf2 Qe6 36. Nf1 Bd8 37. Rb7 Bb6 38. Kh2 Qd5 39. Qg2 Qf5 40. Kh1 h5 41. Kh2 Re6 42. a4 Rf6 43. a5 Qxa5 44. Rb8+ Bd8 45. e4 Rd6 46. Kh3 Qc7 47. Ra8 Rd3 48. Qe2 Qd7+ 49. Kg2 a5 50. Kh2 Kh7 0-1

[Event "LTU-ch (Women)"]
[Site "Vilnius"]
[Date "2016.03.11"]
[Round "7"]
[White "Bajoraite, Rita"]
[Black "Domarkaite, Laima"]
[Result "0-1"]
[WhiteElo "1896"]
[BlackElo "2123"]
[PlyCount "142"]
[EventDate "2016.03.06"]
[EventType "swiss"]
[EventRounds "7"]
[EventCountry "LTU"]
[SourceTitle "CBM 171 Extra"]
[Source "ChessBase"]
[SourceDate "2016.04.26"]
[SourceVersion "1"]
[SourceVersionDate "2016.04.26"]
[SourceQuality "1"]

1. d4 Nf6 2. c4 e6 3. Nf3 Bb4+ 4. Bd2 Qe7 5. g3 b6 6. Bg2 Bb7 7. 0-0 Bxd2 8. Qxd2 0-0 9. Nc3 Ne4 10. Qf4 Nxc3 11. bxc3 d6 12. e4 f6 13. Rfe1 Nd7 14. Qg4 Rad8 15. Nh4 Qf7 16. Bh3 Rfe8 17. f4 h5 18. Qg6 Nf8 19. Qxf7+ Kxf7 20. Nf3 c5 21. d5 Ba6 22. dxe6+ Nxe6 23. Bf1 Bb7 24. Kf2 Nf8 25. Bd3 Nd7 26. Nh4 Nb8 27. e5 Re6 28. Bf5 dxe5 29. Bxe6+ Kxe6 30. f5+ Kf7 31. Rad1 Re8 32. Ng6 Bc8 33. Nh4 Nc6 34. Rd6 Ne7 35. Red1 Nxf5 36. Rd8 Ne7 37. Rxe8 Kxe8 38. Nf3 Bg4 39. Re1 Nc6 40. Nd2 Na5 41. Ke3 Ke7 42. Ke4 Ke6 43. Rf1 Be2 44. Rf2 Bxc4 45. Nxc4 Nxc4 46. Kd3 Nd6 47. a4 e4+ 48. Ke3 Ke5 49. Ra2 g5 50. Ke2 Nc4 51. Ra1 f5 52. Rg1 Nb2 53. Ra1 a5 54. h4 gxh4 55. gxh4 f4 56. Kf2 f3 57. Ra2 Nd1+ 58. Kg3 Nxc3 59. Ra3 Ne2+ 60. Kf2 Nd4 61. Ra2 c4 62. Ra3 Nf5 63. Rc3 Kd4 64. Rc1 c3 65. Rd1+ Kc4 66. Rd8 c2 67. Rc8+ Kd3 68. Rc7 Nd4 69. Ke1 e3 70. Rc8 f2+ 71. Kf1 Kd2 0-1

[Event "LTU-ch (Women)"]
[Site "Vilnius"]
[Date "2016.03.09"]
[Round "5"]
[White "Zaksaite, Salomeja"]
[Black "Domarkaite, Laima"]
[Result "1/2-1/2"]
[WhiteElo "2286"]
[BlackElo "2123"]
[PlyCount "172"]
[EventDate "2016.03.06"]
[EventType "swiss"]
[EventRounds "7"]
[EventCountry "LTU"]
[SourceTitle "CBM 171 Extra"]
[Source "ChessBase"]
[SourceDate "2016.04.26"]
[SourceVersion "1"]
[SourceVersionDate "2016.04.26"]
[SourceQuality "1"]

1. e4 c5 2. Nf3 d6 3. d4 cxd4 4. Nxd4 Nf6 5. Nc3 a6 6. f4 e5 7. Nf3 Qc7 8. a4 Be7 9. Bd3 Nbd7 10. 0-0 exf4 11. Kh1 Ne5 12. Bxf4 Be6 13. Nxe5 dxe5 14. Bg5 h6 15. Bxf6 Bxf6 16. Nd5 Bxd5 17. exd5 Qd6 18. Qf3 0-0-0 19. c4 Kb8 20. a5 Qb4 21. Rfd1 Rd6 22. Qe3 Rc8 23. Be2 Rc7 24. b3 Bg5 25. Qd3 e4 26. Qg3 f5 27. Ra4 f4 28. Rxb4 fxg3 29. hxg3 Be3 30. Ra4 Rf7 31. Bg4 Bf2 32. Rf1 e3 33. Ra2 h5 34. Be6 Re7 35. c5 Rdxe6 36. dxe6 Rxe6 37. Re2 Rg6 38. Rd1 Kc7 39. Rd5 Rxg3 40. Rxh5 Kc6 41. Kh2 Rg4 42. Kh3 Rd4 43. g3 Rd2 44. Rxf2 Rxf2 45. Re5 e2 46. g4 Rf3+ 47. Kh4 Rxb3 48. Rxe2 Rb5 49. Ra2 Rxc5 50. g5 g6 51. Kg4 Rc4+ 52. Kf3 Kb5 53. Ra1 Rb4 54. Kg3 Ra4 55. Rb1+ Rb4 56. Ra1 Kc6 57. Rc1+ Kd7 58. Ra1 Ke6 59. Rf1 Rb5 60. Rf6+ Ke7 61. Rxg6 Rxa5 62. Rg7+ Kd6 63. Rxb7 Rxg5+ 64. Kf4 Rb5 65. Ra7 a5 66. Ke3 Kc5 67. Kd2 Kb4 68. Kc2 Ka3 69. Ra8 a4 70. Ra7 Rb4 71. Kc3 Rh4 72. Kc2 Ka2 73. Ra8 a3 74. Rb8 Rc4+ 75. Kd2 Ka1 76. Rb7 a2 77. Rb8 Rh4 78. Kc2 Rh2+ 79. Kc3 Rh1 80. Kc2 Rb1 81. Rh8 Rb2+ 82. Kc3 Rb1 83. Kc2 Rb2+ 84. Kc3 Rb1 85. Kc2 Rb2+ 86. Kc3 Rb1 1/2-1/2

[Event "LTU-ch (Women)"]
[Site "Vilnius"]
[Date "2016.03.08"]
[Round "4"]
[White "Norinkeviciute, Rasa"]
[Black "Domarkaite, Laima"]
[Result "0-1"]
[WhiteElo "2026"]
[BlackElo "2123"]
[PlyCount "132"]
[EventDate "2016.03.06"]
[EventType "swiss"]
[EventRounds "7"]
[EventCountry "LTU"]
[SourceTitle "CBM 171 Extra"]
[Source "ChessBase"]
[SourceDate "2016.04.26"]
[SourceVersion "1"]
[SourceVersionDate "2016.04.26"]
[SourceQuality "1"]

1. c4 Nf6 2. g3 e6 3. Bg2 d5 4. Nf3 dxc4 5. Qa4+ c6 6. Qxc4 b5 7. Qc2 Qb6 8. d4 Bb7 9. Nbd2 Nbd7 10. Nb3 a5 11. a4 Bb4+ 12. Bd2 Bxd2+ 13. Nbxd2 Nd5 14. 0-0 Nb4 15. Qb1 h6 16. Ne4 0-0 17. Rc1 Ba6 18. Nc5 Nxc5 19. Rxc5 bxa4 20. Ne5 Rad8 21. e3 Bb5 22. Qe4 Rd5 23. Rac1 Qd8 24. Bf1 Qd6 25. Qg4 Rxc5 26. Rxc5 Rb8 27. Qf3 f6 28. Nc4 Qd8 29. Qg4 f5 30. Qg6 Qf6 31. Qh5 Na6 32. Re5 Nc7 33. Nxa5 Nd5 34. Nc4 Bxc4 35. Bxc4 Qf7 36. Qe2 Qd7 37. e4 fxe4 38. Rxe4 Re8 39. Kg2 Qf7 40. h3 Kh8 41. Bd3 a3 42. bxa3 Nc3 43. Qe1 Nxe4 44. Qxe4 g6 45. Qxc6 Rf8 46. f4 Qf6 47. Qe4 Kg7 48. Kf3 Rd8 49. Ke3 Kf7 50. a4 Rd5 51. Bc4 Ra5 52. Bb5 Qe7 53. Qc6 Ra7 54. Qe4 Qa3+ 55. Bd3 Qc1+ 56. Kf2 Qd2+ 57. Kg1 Qd1+ 58. Kg2 Qh5 59. Qc6 Re7 60. Qe4 Rc7 61. a5 Qxa5 62. Qxg6+ Ke7 63. Qg7+ Kd8 64. Qf8+ Kd7 65. Qg7+ Kc6 66. Be2 Rxg7 0-1

[Event "LTU-ch (Women)"]
[Site "Vilnius"]
[Date "2016.03.06"]
[Round "1"]
[White "Domarkaite, Laima"]
[Black "Cernavina, Ksenija"]
[Result "1-0"]
[WhiteElo "2123"]
[BlackElo "1798"]
[PlyCount "163"]
[EventDate "2016.03.06"]
[EventType "swiss"]
[EventRounds "7"]
[EventCountry "LTU"]
[SourceTitle "CBM 171 Extra"]
[Source "ChessBase"]
[SourceDate "2016.04.26"]
[SourceVersion "1"]
[SourceVersionDate "2016.04.26"]
[SourceQuality "1"]

1. e4 e6 2. d4 d5 3. Nd2 c5 4. exd5 exd5 5. Ngf3 Nf6 6. Be2 cxd4 7. Nxd4 Bd6 8. N2f3 h6 9. 0-0 0-0 10. a3 a6 11. Re1 Bg4 12. h3 Bh5 13. Nf5 Bc7 14. N3d4 Bxe2 15. Rxe2 Re8 16. Rxe8+ Qxe8 17. Be3 Nbd7 18. Qf3 Qe5 19. g3 Qe8 20. Re1 Ne5 21. Qd1 Qd7 22. Kg2 Nc4 23. Bc1 Re8 24. b3 Nd6 25. Nxd6 Bxd6 26. Bb2 Ne4 27. Qf3 Be5 28. Rd1 Ng5 29. Qg4 Qxg4 30. hxg4 Bxd4 31. Bxd4 Re2 32. Rc1 Re4 33. Be3 Nh7 34. Rd1 Nf6 35. g5 Ng4 36. Kf3 Nxe3 37. fxe3 Re5 38. gxh6 gxh6 39. g4 Kg7 40. Rd4 Kg6 41. Rb4 b5 42. a4 bxa4 43. Rxa4 Re6 44. Ra5 Rd6 45. Kf4 Kf6 46. Rc5 Ke6 47. c3 Rb6 48. b4 Rd6 49. Rc7 Rb6 50. Rc8 Kd7 51. Rc5 Ke6 52. e4 dxe4 53. Kxe4 Rd6 54. Rh5 Ke7 55. Re5+ Kf6 56. Rf5+ Ke7 57. c4 Rb6 58. b5 axb5 59. cxb5 Rd6 60. Rc5 Rb6 61. Re5+ Kd7 62. Kd4 Rg6 63. Re4 Rg5 64. Kc4 f5 65. gxf5 Rxf5 66. Rg4 h5 67. Rg7+ Kc8 68. Rh7 Kb8 69. Kb4 Rg5 70. Ka5 Rf5 71. Ka6 Rg5 72. Rh8+ Kc7 73. b6+ Kc6 74. b7 Rg1 75. Rc8+ Kd7 76. b8Q Ra1+ 77. Kb5 Rb1+ 78. Ka4 Ra1+ 79. Kb3 Rb1+ 80. Kc2 Rxb8 81. Rxb8 Ke6 82. Rh8 1-0

[Event "AUT-chT2M 1516"]
[Site "Austria"]
[Date "2016.02.26"]
[Round "6.6"]
[White "Domarkaite, Laima"]
[Black "Spindelboeck, Gernot"]
[Result "1/2-1/2"]
[WhiteElo "2122"]
[BlackElo "2254"]
[PlyCount "87"]
[EventDate "2015.10.02"]
[EventType "team-tourn"]
[EventRounds "11"]
[EventCountry "AUT"]
[SourceTitle "EXT 2017"]
[Source "ChessBase"]
[SourceDate "2016.10.25"]
[SourceVersion "1"]
[SourceVersionDate "2016.10.25"]
[SourceQuality "1"]
[WhiteTeam "Graz Schachfreunde"]
[BlackTeam "Graz Austria"]
[WhiteTeamCountry "AUT"]
[BlackTeamCountry "AUT"]

1. e4 c5 2. Nf3 Nc6 3. c3 e6 4. d4 d5 5. exd5 exd5 6. Bb5 Bd6 7. dxc5 Bxc5 8. 0-0 Nge7 9. Nbd2 0-0 10. Nb3 Bb6 11. Re1 Bg4 12. Bf1 Qd6 13. Be3 Bxe3 14. Rxe3 Rad8 15. h3 Bh5 16. Qc2 Bxf3 17. Rxf3 Ne5 18. Re3 N7c6 19. Rd1 Qf6 20. Bd3 h6 21. Qe2 Kh8 22. Bb1 g6 23. Nd4 Nxd4 24. Rxd4 Nc6 25. Rd1 d4 26. Rf3 Qg7 27. Rfd3 Rfe8 28. Qf1 dxc3 29. Rxc3 Rxd1 30. Qxd1 Qd4 31. Qf1 Qd2 32. Rc2 Qe1 33. Rc1 Qe5 34. b3 Nd4 35. Bd3 Kg7 36. Bc4 Re7 37. Rd1 Ne2+ 38. Bxe2 Qxe2 39. Qxe2 Rxe2 40. Rd7 Rxa2 41. Rxb7 a5 42. h4 h5 43. g3 Rb2 44. Ra7 1/2-1/2

[Event "AUT-chT2M 1516"]
[Site "Austria"]
[Date "2015.10.04"]
[Round "3.5"]
[White "Domarkaite, Laima"]
[Black "Perhinig, Robert"]
[Result "1/2-1/2"]
[WhiteElo "2122"]
[BlackElo "2305"]
[PlyCount "89"]
[EventDate "2015.10.02"]
[EventType "team-tourn"]
[EventRounds "11"]
[EventCountry "AUT"]
[SourceTitle "CBM 168 Extra"]
[Source "ChessBase"]
[SourceDate "2015.10.29"]
[SourceVersion "1"]
[SourceVersionDate "2015.10.29"]
[SourceQuality "1"]
[WhiteTeam "Graz Schachfreunde"]
[BlackTeam "Villach Admira"]
[WhiteTeamCountry "AUT"]
[BlackTeamCountry "AUT"]

1. e4 e6 2. d4 d5 3. Nd2 a6 4. Ngf3 Nf6 5. e5 Nfd7 6. Bd3 c5 7. c3 Nc6 8. 0-0 g5 9. Nb3 h6 10. Nxc5 Nxc5 11. dxc5 Bxc5 12. Qe2 Qc7 13. Re1 Bd7 14. a4 Bf8 15. Bd2 Bg7 16. h3 Na5 17. Bc2 b5 18. axb5 Bxb5 19. Ba4 0-0 20. Bxb5 axb5 21. h4 Qc4 22. hxg5 h5 23. Nd4 Qxe2 24. Rxe2 Nc4 25. Rxa8 Rxa8 26. Bf4 Ra2 27. Kh2 Rxb2 28. Rxb2 Nxb2 29. Bg3 Nd3 30. Nxb5 Nxe5 31. Kh3 Kh7 32. Kh4 Kg6 33. Bxe5 Bxe5 34. g3 f6 35. f4 fxg5+ 36. fxg5 Bg7 37. g4 hxg4 38. Kxg4 e5 39. Nc7 d4 40. cxd4 exd4 41. Ne6 Be5 42. Nf4+ Bxf4 43. Kxf4 d3 44. Ke3 Kxg5 45. Kxd3 1/2-1/2

[Event "AUT-chT2M 1516"]
[Site "Austria"]
[Date "2015.10.02"]
[Round "1.3"]
[White "Moser, Guenter"]
[Black "Domarkaite, Laima"]
[Result "1/2-1/2"]
[WhiteElo "2350"]
[BlackElo "2122"]
[PlyCount "83"]
[EventDate "2015.10.02"]
[EventType "team-tourn"]
[EventRounds "11"]
[EventCountry "AUT"]
[SourceTitle "CBM 168 Extra"]
[Source "ChessBase"]
[SourceDate "2015.10.29"]
[SourceVersion "1"]
[SourceVersionDate "2015.10.29"]
[SourceQuality "1"]
[WhiteTeam "Ansfelden"]
[BlackTeam "Graz Schachfreunde"]
[WhiteTeamCountry "AUT"]
[BlackTeamCountry "AUT"]

1. d4 Nf6 2. c4 e6 3. Nf3 Bb4+ 4. Nbd2 d6 5. a3 Bxd2+ 6. Qxd2 Nbd7 7. e3 0-0 8. b3 Qe7 9. Bb2 e5 10. dxe5 dxe5 11. Qc3 Re8 12. Be2 b6 13. 0-0 Bb7 14. Rad1 Ne4 15. Qc2 Rad8 16. b4 h6 17. Qa4 a6 18. Qb3 Nd6 19. Qc2 Be4 20. Qc3 f6 21. c5 bxc5 22. Bxa6 Nb8 23. Be2 cxb4 24. axb4 Kh8 25. b5 Nc8 26. Ba3 Qf7 27. Rc1 c6 28. Nd2 Bd5 29. e4 Be6 30. Rfd1 cxb5 31. Bxb5 Rg8 32. Bb4 Rd4 33. Bc5 Rdd8 34. Qa5 Ne7 35. Bb6 Rc8 36. Nf1 Bb3 37. Re1 Bc4 38. Ne3 Bxb5 39. Qxb5 Nbc6 40. Nc4 Qe6 41. Red1 Nd8 42. Be3 1/2-1/2

[Event "AUT-chT2M 1415"]
[Site "Austria"]
[Date "2015.04.18"]
[Round "10.4"]
[White "Windhager, Hannes"]
[Black "Domarkaite, Laima"]
[Result "1-0"]
[WhiteElo "2199"]
[BlackElo "2125"]
[PlyCount "181"]
[EventDate "2014.10.03"]
[EventType "team-tourn"]
[EventRounds "11"]
[EventCountry "AUT"]
[SourceTitle "EXT 2016"]
[Source "ChessBase"]
[SourceDate "2015.10.08"]
[SourceVersion "1"]
[SourceVersionDate "2015.10.08"]
[SourceQuality "1"]
[WhiteTeam "Hartkirchen"]
[BlackTeam "Graz Schachfreunde"]
[WhiteTeamCountry "AUT"]
[BlackTeamCountry "AUT"]

1. e4 c5 2. Nf3 d6 3. d4 cxd4 4. Nxd4 Nf6 5. Nc3 a6 6. Bc4 e6 7. 0-0 Nc6 8. Be3 Na5 9. Bd3 Bd7 10. Nb3 Bc6 11. Nd4 Bd7 12. Qe2 b5 13. b4 Nc4 14. Bxc4 bxc4 15. Qxc4 Rc8 16. Qb3 Qc7 17. Nde2 Be7 18. f3 0-0 19. a4 Rb8 20. b5 Rfc8 21. b6 Qc4 22. Qxc4 Rxc4 23. a5 Bc6 24. Rfd1 Bb7 25. Ra4 Rc6 26. Rd3 Rbc8 27. Bd4 Nd7 28. Kf2 Kf8 29. Ke1 Nb8 30. Kd2 Rc4 31. Rxc4 Rxc4 32. Nc1 Nc6 33. Nb3 Nb4 34. g3 Nxd3 35. Kxd3 Rc8 36. Na2 d5 37. e5 h5 38. c3 Bc6 39. Nb4 Bb7 40. Kd2 Ke8 41. Nd3 Kd7 42. Bc5 Bd8 43. Bd6 Rc4 44. Nbc5+ Kc8 45. Nxb7 Bxb6 46. axb6 Kxb7 47. Bc5 Ra4 48. Nc1 h4 49. Kc2 h3 50. Bd4 Ra5 51. Kb2 Rb5+ 52. Nb3 Kc6 53. Ka3 Kb7 54. Ka4 Kc8 55. f4 g6 56. Bg1 Kb7 57. Bc5 Kc8 58. Bd4 Kb7 59. Ka3 Kc8 60. g4 Kb7 61. Nc5+ Kxb6 62. Nxe6+ Kc6 63. Ng5 Rb8 64. Nxh3 Rh8 65. Ng5 Rxh2 66. Kb3 Rg2 67. Nxf7 Kd7 68. Ng5 Rxg4 69. e6+ Ke7 70. Kb4 Rg2 71. Bc5+ Kf6 72. Bd4+ Ke7 73. Bc5+ Kf6 74. Bd4+ Ke7 75. Be5 Rd2 76. Kc5 Rd3 77. Bd4 a5 78. Kb5 Rd1 79. Kxa5 Rd3 80. Bc5+ Kf6 81. Bd6 Rd1 82. e7 Ra1+ 83. Kb4 Ra8 84. Kc5 Rc8+ 85. Kb6 Kf5 86. Kb7 Re8 87. Kc6 Ra8 88. Kxd5 Kf6 89. c4 Rc8 90. c5 Ra8 91. Kc6 1-0